书目信息 |
| 题名: |
计算机应用基础
|
|
| 作者: | 肖金秀 编著 | |
| 分册: | ||
| 出版信息: | 北京 冶金工业出版社 2004.01 |
|
| 页数: | 319页 | |
| 开本: | 24cm | |
| 丛书名: | ||
| 单 册: | ||
| 中图分类: | TP39 | |
| 科图分类: | ||
| 主题词: | 计算机应用 | |
| 电子资源: | ||
| ISBN: | 7-5024-3456-9 | |
| 000 | 00546nam0 2200193 45 | |
| 001 | 0437956222 | |
| 005 | 20080305100315.31 | |
| 010 | @a7-5024-3456-9@dCNY 30.00 | |
| 100 | @a20040520d2004 km y0chiy0120 ea | |
| 101 | 0 | @achi |
| 102 | @aCN@b110000 | |
| 200 | 1 | @a计算机应用基础@AJi Suan Ji Ying Yong Ji Chu@f肖金秀等编著@FXiao Jin Xiu Deng Bian Zhu |
| 210 | @a北京@c冶金工业出版社@d2004.01 | |
| 215 | @a319页@d24cm | |
| 606 | 0 | @a计算机应用 |
| 690 | @aTP39@v3 | |
| 701 | 0 | @a肖金秀@AXiao Jin Xiu@4编著 |
| 801 | 0 | @aCN@c20080305 |
| 905 | @dTP39@eX292 | |
| 计算机应用基础/肖金秀等编著.-北京:冶金工业出版社,2004.01 |
| 319页;24cm |
| ISBN 7-5024-3456-9:CNY 30.00 |
| ● |
| 相关链接 |
|
|
|
正题名:计算机应用基础
索取号:TP39/X292
 
预约/预借
| 序号 | 登录号 | 条形码 | 馆藏地/架位号 | 状态 | 备注 |
| 1 | 376231 | 203762311 | 期刊室512/301自科库 90排2列3层/ [索取号:TP39/X292] | 在馆 | |
| 2 | 376232 | 203762320 | 期刊室512/301自科库 90排2列3层/ [索取号:TP39/X292] | 在馆 | |
| 3 | 479277 | 204792778 | 计算机与数据科学学院资料室/ [索取号:TP39/X292] | 在馆 |